Géographie de l'Espagne. - Statistiques

Statistiques générales
  • Ce quiz a été pris 631 fois
  • Le résultat moyen est 11 sur 19
Statistiques - réponses
Questions Réponses % Correct
Avec quel pays l'Espagne a-t-elle sa plus longue frontière? Portugal
99%
Quel océan? Océan {Atlantique}
91%
Quelles mers bordent l'Espagne? Mer {Méditerranée}
89%
Au sud de l'Espagne, quel détroit permet de passer de l'océan à la mer? Détroit de {Gibraltar}
88%
Quel est le plus petit pays bordant l'Espagne? Andorre
86%
Où se situe-t-il? Îles {Canaries}
85%
Îles {Canaries}
85%
Quelle chaîne de montagne forme la frontière avec la France? Pyrénées
85%
Comment s'appellent les deux archipels appartenant à l'Espagne? Îles {Baléares}
77%
Combien de communautés autonomes l'Espagne comprend-elle? 17
70%
Quelles villes espagnole sont situées sur la côte africaine? Ceuta
58%
Melilla
47%
Quelle est la plus grande communauté autonome espagnole? Castille-et-Leon
40%
Combien de provinces? 50
28%
Èbre
28%
Quels sont les deux plus grands fleuves d'Espagne? Tage
28%
Quel est le point culminant de l'Espagne? Teide
17%
Quel est le plus grand lac espagnol? Lac de {Sanabria}
2%
Mer du {Ponant}
0%
Aucun quiz correspondant
Distribution des résultats
% des personnes avec chaque résultat
Percentile par nombre de réponses
Votre historique - résultats
Vous n’avez pas pris ce quiz